| 000 | 01472cam a2200337 4500 | ||
|---|---|---|---|
| 002 | 7937 | ||
| 008 | 040727n2005 000 0 eng u | ||
| 020 | _a0421877901 | ||
| 035 | _a(Sirsi) u126938 | ||
| 041 | _aeng | ||
| 050 |
_a692.8 _c18 |
||
| 100 | _aGlover, Jeremy | ||
| 245 |
_aBuilding contract disputes _bmaterials and cases handbook 2004/2005 |
||
| 260 |
_aLondon _bSweet and Maxwell _c2005 |
||
| 300 |
_axxii, 398p. _c24cm. |
||
| 350 | _a89 | ||
| 520 | _aThis companion to "Building contract disputes: practice and precedents" (ISBN 0752003984) contains the key construction law statutes, arbitration, adjudication and mediation rules and litigation protocols required by construction practitioners and professionals. The handbook also provides concise commentary on over 50 recent and benchmark cases. | ||
| 590 | _aNB | ||
| 650 | _aMANAGEMENT-DISPUTE AVOIDANCE, MANAGEMENT AND RESOLUTION-DISPUTE MANAGEMENT AND RESOLUTION-ARBITRATION | ||
| 650 | _aEXPERT WITNESSES | ||
| 650 | _aLITIGATION | ||
| 650 | _aCONSTRUCTION LAW | ||
| 650 | _aMANAGEMENT-DISPUTE AVOIDANCE, MANAGEMENT AND RESOLUTION-DISPUTE MANAGEMENT AND RESOLUTION-ALTERNATIVE DISPUTE RESOLUTION-ADJUDICATION | ||
| 650 | _aMEDIATION | ||
| 650 | _aALTERNATIVE DISPUTE RESOLUTION | ||
| 650 | _aCONTRACT DISPUTES | ||
| 650 | _aBUILT ENVIRONMENT-BUILDING CONTRACT FORMS | ||
| 690 | _aBUILT ENVIRONMENT-BUILDING CONTRACT FORMS | ||
| 700 | _aFenwick Elliot, Robert | ||
| 942 | _n0 | ||
| 999 |
_c103683 _d103683 |
||